Atlas fitoclimático de España : taxonomías /
Guardado en:
| Autor Principal: | |
|---|---|
| Autor Corporativo: | |
| Formato: | Libro |
| Idioma: | Spanish English |
| Publicado: |
Madrid :
Ministerio de Agricultura, Pesca y Alimentación, Instituto Nacional de Investigaciones Agrarias,
1990.
|
| Series: | Colección Monografías I.N.I.A. ;
nº 69. |
| Materias: | |
| Acceso en línea: | Acceso a la descarga gratuita del libro |
| Etiquetas: |
Agregar Etiqueta
Sin Etiquetas, Sea el primero en etiquetar este registro!
|
| LEADER | 01347cam a2200301 a 4500 | ||
|---|---|---|---|
| 001 | EEA.libagro010095 | ||
| 008 | 950412s1990####sp#a#####b####000#0#spa#d | ||
| 005 | 20210320141109.0 | ||
| 245 | 1 | 0 | |a Atlas fitoclimático de España : |b taxonomías / |c José Luis Allué Andrade ; grafismos, Jesús de Miguel y del Angel ; informatización, José Manuel Grau Corbí. |
| 260 | |a Madrid : |b Ministerio de Agricultura, Pesca y Alimentación, Instituto Nacional de Investigaciones Agrarias, |c 1990. | ||
| 300 | |a 221 p. : |b il. ; |c 32 cm. + |e 10 mapas. | ||
| 490 | 1 | |a Colección Monografías INIA, |x 0210-3354 ; |v nº 69 | |
| 504 | |a Incluye referencias bibliográficas (p. 203-206). | ||
| 546 | |a Español e inglés. | ||
| 020 | |a 8474983622 | ||
| 100 | 1 | |a Allué Andrade, José Luis. | |
| 710 | 2 | |a Instituto Nacional de Investigaciones Agrarias (España) | |
| 830 | 0 | |a Colección Monografías I.N.I.A. ; |v nº 69. | |
| 043 | |a e-sp--- | ||
| 082 | 0 | 4 | |a 549.6946 |
| 650 | 0 | |a Bioclimatología |z España |2 agrovoc | |
| 650 | 0 | |a Ecología vegetal |z España |2 agrovoc | |
| 010 | |a 95140101 | ||
| 040 | |a CU |c CU |d CStRLIN |d CtY |d DLC | ||
| 041 | 0 | |a spa |a eng | |
| 050 | 0 | 0 | |a QK329 |b .A64 1990 |
| 856 | 4 | 1 | |3 Acceso a la descarga gratuita del libro |u http://libros.inia.es/libros/product%5Finfo.php?products%5Fid=137 |
| 859 | |a AR-BbBCA |b BIB. AGRONOMIA |h 549.6946 |i A442 |p 1995/2164 | ||
